000 00308nam a2200133Ia 4500
100 _aMahahar Lotia
490 _v01-Apr
942 _cBK
654 _acolour t.v
245 _aModern Colour T.V circuits with Remote control
260 _bBPB
_aNew Delhi
_c2001
082 _a621.388
_bMAH
546 _aENGLISH
999 _c29353
_d29353